书目信息 |
| 题名: |
禁烟史话
|
|
| 作者: | 王宏斌 著 | |
| 分册: | ||
| 出版信息: | 北京 社会科学文献出版社 2012.01 |
|
| 页数: | 172页 | |
| 开本: | 21cm | |
| 丛书名: | 中国史话 | |
| 单 册: | ||
| 中图分类: | K253.909 | |
| 科图分类: | ||
| 主题词: | 禁烟运动--史料 , 禁烟运动 | |
| 电子资源: | ||
| ISBN: | 978-7-5097-2935-9 | |
| 000 | 00944oam2 2200277 450 | |
| 001 | 010030026710 | |
| 005 | 20120619161308.92 | |
| 010 | @a978-7-5097-2935-9@dCNY15.00 | |
| 100 | @a20120322d2012 em y0chiy50 ea | |
| 101 | 0 | @achi |
| 102 | @aCN@b110000 | |
| 105 | @aafk z 000yy | |
| 106 | @ar | |
| 200 | 1 | @a禁烟史话@9jin yan shi hua@dA brief history of opium ban in China@f王宏斌著@zeng |
| 210 | @a北京@c社会科学文献出版社@d2012.01 | |
| 215 | @a172页@c图,照片@d21cm | |
| 225 | 2 | @a中国史话@i近代经济生活系列 |
| 330 | @a本书共分九部分,包括鸦片源流问题;可耻的鸦片输入者;鸦片战争前夕的鸦片走私和禁烟运动;战争借口与鸦片贸易合法化等。 | |
| 462 | 0 | @12001 @a近代经济生活系列 |
| 510 | 1 | @aBrief history of opium ban in China@zeng |
| 606 | 0 | @a禁烟运动@x史料 |
| 606 | 0 | @a禁烟运动 |
| 690 | @aK253.909@v4 | |
| 701 | 0 | @a王宏斌@9wang hong bin@f(1954-)@4著 |
| 801 | 0 | @aCN@bRENTIAN@c20120322 |
| 905 | @b538223-27@dK253.909@e10@f5 | |
| 禁烟史话=A brief history of opium ban in China/王宏斌著.-北京:社会科学文献出版社,2012.01 |
| 172页:图,照片;21cm.-(中国史话.近代经济生活系列) |
| ISBN 978-7-5097-2935-9:CNY15.00 |
| 本书共分九部分,包括鸦片源流问题;可耻的鸦片输入者;鸦片战争前夕的鸦片走私和禁烟运动;战争借口与鸦片贸易合法化等。 |
| ● |
| 相关链接 |
|
|
|
|
正题名:禁烟史话
索取号:K253.909/10
 
预约/预借
| 序号 | 登录号 | 条形码 | 馆藏地/架位号 | 状态 | 备注 |
| 1 | 538223 | 205382236 | 第二样本阅览室/ [索取号:K253.909/10] | 在馆 | |
| 2 | 538224 | 205382245 | 第二借阅区/ [索取号:K253.909/10] | 在馆 | |
| 3 | 538225 | 205382254 | 密集书库-史法系/ [索取号:K253.909/10] | 在馆 | |
| 4 | 538226 | 205382263 | 第二借阅区/ [索取号:K253.909/10] | 在馆 | |
| 5 | 538227 | 205382272 | 第二借阅区/ [索取号:K253.909/10] | 在馆 |